F1 2023 Race Winners - Statistics

General Stats
  • This quiz has been taken 127 times
  • The average score is 22 of 22
Answer Stats
Hint Answer % Correct
Bahrain Max Verstappen
100%
Australia Max Verstappen
100%
Miami Max Verstappen
100%
Monaco Max Verstappen
100%
Spain Max Verstappen
100%
Canada Max Verstappen
100%
Austria Max Verstappen
100%
UK Max Verstappen
100%
Hungary Max Verstappen
100%
Belgium Max Verstappen
100%
Netherlands Max Verstappen
100%
Italy Max Verstappen
100%
Japan Max Verstappen
100%
Qatar Max Verstappen
100%
USA Max Verstappen
100%
Mexico Max Verstappen
100%
Brazil Max Verstappen
100%
Las Vegas Max Verstappen
100%
Abu Dhabi Max Verstappen
100%
Saudi Arabia Sergio Perez
99%
Azerbaijan Sergio Perez
99%
Singapore Carlos Sainz
97%
No matching quizzes found
Score Distribution
Percent of People with Each Score
Percentile by Number Answered
Your Score History
You have not taken this quiz